000
00271nam a2200109Ia 4500
008
190912s9999||||xx |||||||||||||| ||und||
100
_a
Herbert Schildt
245
4
_a
The Complete Reference Java 2
260
_a
New York
_b
Education
_c
2001
300
_a
1077
942
_c
BK
999
_c
7584
_d
7584